Actors With the Most Oscars - Statistics

General Stats
  • This quiz has been taken 22 times
  • The average score is 9 of 30
Answer Stats
# of Oscars Actor/Actress % Correct
3. (3 Oscars) Jack Nicholson
78%
5. (3 Oscars) Daniel Day-Lewis
72%
2. (3 Oscars) Meryl Streep
67%
22. (2 Oscars) Tom Hanks
67%
15. (2 Oscars) Robert De Niro
61%
1. (4 Oscars) Katharine Hepburn
50%
26. (2 Oscars) Anthony Hopkins
44%
10. (2 Oscars) Marlon Brando
44%
13. (2 Oscars) Dustin Hoffman
39%
20. (2 Oscars) Gary Cooper
39%
9. (2 Oscars) Spencer Tracy
39%
14. (2 Oscars) Jane Fonda
33%
4. (3 Oscars) Ingrid Bergman
28%
29. (2 Oscars) Jodie Foster
28%
18. (2 Oscars) Maggie Smith
28%
8. (2 Oscars) Bette Davis
22%
16. (2 Oscars) Cate Blanchett
22%
21. (2 Oscars) Elizabeth Taylor
22%
23. (2 Oscars) Fredric March
22%
27. (2 Oscars) Gene Hackman
22%
12. (2 Oscars) Denzel Washington
17%
24. (2 Oscars) Sean Penn
17%
6. (3 Oscars) Frances McDormand
11%
11. (2 Oscars) Jack Lemmon
11%
25. (2 Oscars) Olivia de Havilland
11%
7. (3 Oscars) Walter Brennan
11%
28. (2 Oscars) Glenda Jackson
6%
19. (2 Oscars) Michael Caine
6%
30. (2 Oscars) Anthony Quinn
0%
17. (2 Oscars) Jessica Lange
0%
No matching quizzes found
Score Distribution
Percent of People with Each Score
Percentile by Number Answered
Your Score History
You have not taken this quiz